Normal view
MARC view
- Physicians
Entry Topical Term
001 - CONTROL NUMBER
- control field: 98588
003 - CONTROL NUMBER IDENTIFIER
- control field: NUST
005 - DATE AND TIME OF LATEST TRANSACTION
- control field: 20220829122855.0
008 - FIXED-LENGTH DATA ELEMENTS
- fixed length control field: 220829|| aca||aabn | a|a d
040 ## - CATALOGING SOURCE
- Original cataloging agency: NUST
- Transcribing agency: NUST
150 ## - HEADING--TOPICAL TERM
- Topical term or geographic name entry element: Physicians
- General subdivision: Malpractice
- Form subdivision: Fiction
670 ## - SOURCE DATA FOUND
- Source citation: Work cat.: (NUST)174434: Cook, Robin, 1940- 11492, Crisis /, 2006.
